Stochastic Programming: Modeling Decision Problems Under Uncertainty.

محفوظ في:
التفاصيل البيبلوغرافية
المؤلفون الرئيسيون: Klein Haneveld, Willem K. (مؤلف), Vlerk, Maarten H.van der (مؤلف), Romeijnders, Ward (مؤلف)
التنسيق: غير معروف
منشور في: Cham, Switzerland: Springer Nature, 2020.
سلاسل:Graduate Texts in Operations Research.
الموضوعات:
الوسوم: إضافة وسم
لا توجد وسوم, كن أول من يضع وسما على هذه التسجيلة!

MARC

LEADER 00000 a2200000 4500
003 CL-VaPUC
005 20250507141639.0
008 250507t2020 ||||| |||| 00| 0 eng d
999 |c 449217  |d 449215 
020 |a 978-3-030-29221-8 
040 |c Pontificia Universidad Católica de Valparaíso 
082 7 |2 23  |a 519.7 HAN 2020 
100 |a Klein Haneveld, Willem K.   |9 902450  |e author 
245 |a Stochastic Programming:   |b Modeling Decision Problems Under Uncertainty. 
260 |a Cham, Switzerland:  |b Springer Nature,   |c 2020. 
300 |a xii, 249 páginas. 
490 |a Graduate Texts in Operations Research.  
505 |a 1.Introduction. 2.Random Objective Functions. 3.Recourse Models. 4.Stochastic Mixed-integer Programming. 5.Chance Constraints. 6.Integrated Chance Constraints. 7.Assignments. 8.Case Studies. 
583 |k GC  |c 20250507 
650 0 |a Investigación de operaciones  |9 356906 
650 0 |a Optimización bajo incertidumbre  |9 902682 
650 0 |a Optimización matemática  |9 259780 
700 |a Vlerk, Maarten H.van der  |e author  |9 902683 
700 |a Romeijnders, Ward  |e author  |9 902684 
942 |n 1  |2 ddc  |c BK 
952 |0 0  |1 0  |2 ddc  |4 0  |6 519_700000000000000_HAN_2020  |7 0  |8 A  |9 602912  |a BIBING  |b BIBING  |d 2025-05-07  |e 1  |g 85189.75  |i 5667368  |o 519.7 HAN 2020  |p 5667368  |r 2025-05-07  |t 1  |v 85189.75  |w 2025-05-07  |y BK  |k EII